Phổ NMR sử dụng trong phân tích hữu cơ Lý thuyết - Bài tập phổ - Bài giải

HO042 Các phương pháp phổ ứng dụng trong hóa học

Đã lưu trong:
Sonraí Bibleagrafaíochta
Príomhúdar: Nguyễn, Kim Phi Phụng
Formáid: Leabhar
Teanga:Undetermined
Foilsithe: TP.HCM Đại học Quốc gia TP.HCM 2005
Ábhair:
Rochtain Ar Líne:http://lrc.tdmu.edu.vn/opac/search/detail.asp?aID=2&ID=3482
Clibeanna: Cuir Clib Leis
Gan Chlibeanna, Bí ar an gcéad duine leis an taifead seo a chlibeáil!
Thư viện lưu trữ: Trung tâm Học liệu Trường Đại học Thủ Dầu Một
LEADER 00781nam a2200217Ia 4500
001 TDMU_3482
008 210410s9999 xx 000 0 und d
082 |a 547 
090 |b N4994 
100 |a Nguyễn, Kim Phi Phụng 
245 0 |a Phổ NMR sử dụng trong phân tích hữu cơ 
245 0 |b Lý thuyết - Bài tập phổ - Bài giải 
245 0 |c Nguyễn Kim Phi Phụng 
260 |a TP.HCM 
260 |b Đại học Quốc gia TP.HCM 
260 |c 2005 
300 |a 503tr. 
520 |a HO042 Các phương pháp phổ ứng dụng trong hóa học 
650 |a Hoá hữu cơ 
856 |u http://lrc.tdmu.edu.vn/opac/search/detail.asp?aID=2&ID=3482 
980 |a Trung tâm Học liệu Trường Đại học Thủ Dầu Một